Zarys słowotwórstwa polskiego : słowotwórstwo opisowe /

Uložené v:
Podrobná bibliografia
Hlavný autor: Grzegorczykowa, Renata, 1931- (Author)
Médium: Kniha
Jazyk:Polish
Vydané: Warszawa : Państwowe Wydawnictwo Naukowe, 1979.
Vydanie:3. poprawione wyd.
ISBN: (brož.)
Fyzický popis: 96 s.
Tagy: Pridať tag
Žiadne tagy, Buďte prvý kto otaguje tento záznam!

MARC

LEADER 00000nam a2200000 a 4500
001 000555521
005 20170817165520.0
008 140902s1979 pl e 000 0 pol d
020 |a (brož.)  |c Kčs 9,50 
040 |a SVKKK  |b slo  |c SVKKK  |e AACR2 
041 0 |a pol 
044 |a pl  |c PL 
100 1 |a Grzegorczykowa, Renata,  |d 1931-  |4 aut 
245 1 0 |a Zarys słowotwórstwa polskiego :  |b słowotwórstwo opisowe /  |c Renata Grzegorczykowa. 
250 |a 3. poprawione wyd. 
260 |a Warszawa :  |b Państwowe Wydawnictwo Naukowe,  |c 1979. 
300 |a 96 s. 
504 |a Obsahuje bibliografiu na s. [92]-93 
910 |a svkkk 
998 |a BK 
090 |g SCKHL  |k Sklad Pribinova 1. posch.  |a IV.99261  |j 613720  |i 2720477861  |s Absenčne